LEADER 01161nam 2200313Ia 450 001 996390303503316 005 20221108004932.0 035 $a(CKB)4940000000098561 035 $a(EEBO)2248517425 035 $a(OCoLC)09959798 035 $a(EXLCZ)994940000000098561 100 $a19830928d1653 uy | 101 0 $aeng 135 $aurbn||||a|bb| 200 10$aChoice experiences of the kind dealings of God before, in, and after conversion$b[electronic resource] $elaid down in six general heads : together with some brief observations upon the same : whereunto is added a description of true experience /$fby J. Turner 210 $aLondon $cPrinted by H. Hils$d1653 215 $a[30], 208+ p 300 $aImperfect: all after p. 208 lacking. 300 $aReproduction of original in the Harvard University Library. 330 $aeebo-0062 606 $aConversion 615 0$aConversion. 700 $aTurner$b J$g(Jane)$01016172 801 1$bUMI 801 2$bWaOLN 906 $aBOOK 912 $a996390303503316 996 $aChoice experiences of the kind dealings of God before, in, and after conversion$92376375 997 $aUNISA LEADER 01564oam 2200505 450 001 9910716080703321 005 20210504111142.0 035 $a(CKB)5470000002517295 035 $a(OCoLC)987578951 035 $a(EXLCZ)995470000002517295 100 $a20170520d2017 ua 0 101 0 $aeng 135 $aur||||||||||| 181 $ctxt$2rdacontent 182 $cc$2rdamedia 183 $acr$2rdacarrier 200 10$aFentanyl $eChina's deadly export to the United States /$fSean O'Connor 210 1$a[Washington, D.C.] :$cU.S.-China Economic and Security Review Commission,$d2017. 215 $a1 online resource (17 pages) $ccolor illustrations, color maps 225 1 $aU.S.-China Economic and Security Review Commission staff research report 300 $a"February 1, 2017." 320 $aIncludes bibliographical references (pages 13-17). 517 $aFentanyl 606 $aFentanyl 606 $aDrug control$zUnited States 606 $aDrug traffic$zChina 606 $aDrug traffic$zUnited States 606 $aPharmaceutical industry$zChina 615 0$aFentanyl. 615 0$aDrug control 615 0$aDrug traffic 615 0$aDrug traffic 615 0$aPharmaceutical industry 700 $aO'Connor$b Sean$0955975 712 02$aU.S.-China Economic and Security Review Commission, 801 0$bDID 801 1$bDID 801 2$bOCLCF 801 2$bOCLCQ 801 2$bOCLCA 801 2$bGPO 906 $aBOOK 912 $a9910716080703321 996 $aFentanyl$93519143 997 $aUNINA